টুইন টাওয়ার / (Record no. 289)
[ view plain ]
| 000 -LEADER | |
|---|---|
| fixed length control field | 00702nam a2200229 a 4500 |
| 001 - CONTROL NUMBER | |
| JCCL Control Number | 289 |
| 003 - CONTROL NUMBER IDENTIFIER | |
| JCCL marc code | BD-JhCC |
| 005 - DATE AND TIME OF LATEST TRANSACTION | |
| control field | 20200405134007.0 |
| 008 - FIXED-LENGTH DATA ELEMENTS--GENERAL INFORMATION | |
| fixed length control field | 171003s2006 bg ||||| |||| 00| 0 ben d |
| 020 ## - INTERNATIONAL STANDARD BOOK NUMBER | |
| International Standard Book Number | 9844220092 |
| 035 ## - SYSTEM CONTROL NUMBER | |
| system control number | (BD-JhCC)289 |
| 040 ## - CATALOGING SOURCE | |
| Original cataloging agency | BD-JhCC |
| Modifying agency | BD-JhCC |
| 041 ## - LANGUAGE CODE | |
| Language code of Book | ben |
| 082 ## - DEWEY DECIMAL CLASSIFICATION NUMBER | |
| DDC Edition number | 23 |
| Classification number | 725.23097471 |
| Author mark and Year | SHA 2006 |
| 100 ## - MAIN ENTRY--PERSONAL NAME | |
| Personal name | স্বপন,জাকারিয়া |
| 245 ## - TITLE STATEMENT | |
| Title | টুইন টাওয়ার / |
| Statement of responsibility, etc | জাকারিয়া স্বপন, |
| 260 ## - PUBLICATION, DISTRIBUTION, ETC. (IMPRINT) | |
| Place of publication, distribution, etc | ঢাকা , |
| Name of publisher, distributor, etc | বিদ্যা প্রকাশ , |
| Date of publication, distribution, etc | ২০০৬ |
| 300 ## - PHYSICAL DESCRIPTION | |
| Pagination | 140p. ; |
| Dimensions | 22cm. |
| 650 ## - SUBJECT ADDED ENTRY--TOPICAL TERM | |
| General subdivision | World Trade Center |
| Geographic subdivision | New York, N.Y. |
| 942 ## - ADDED ENTRY ELEMENTS (KOHA) | |
| Source of classification or shelving scheme | Dewey Decimal Classification |
| Koha item type | Books |
| Koha issues (borrowed), all copies | 8 |
| Source of classification or shelving scheme | Damaged status | Not for loan | Home library | Current library | Shelving location | Date of accession | Cost, normal purchase price | Total Checkouts | Full call number | Barcode | Date last seen | Date checked out | Copy number | Koha item type |
|---|---|---|---|---|---|---|---|---|---|---|---|---|---|---|
| Dewey Decimal Classification | JCC Rouf Library | JCC Rouf Library | General Stacks | 10/03/2017 | 150.00 | 2 | 725.23097471 SHA 2006 | 1344 | 03/03/2024 | 02/18/2024 | C-1 | Books | ||
| Dewey Decimal Classification | JCC Rouf Library | JCC Rouf Library | 10/12/2017 | 150.00 | 2 | 725.23097471 SHA 2006 | 1971 | 04/06/2020 | 04/04/2020 | C-1 | Books | |||
| Dewey Decimal Classification | JCC Rouf Library | JCC Rouf Library | General Stacks | 10/23/2017 | 150.00 | 3 | 725.23097471 SHA 2006 | 3107 | 03/06/2024 | 03/03/2024 | C-3 | Books |